Famous People Named Anthony - Statistics

General Stats
  • This quiz has been taken 702 times
  • The average score is 9 of 20
Answer Stats
Clue Person % Correct
Portrayed Hannibal Lecter Anthony Hopkins
89%
British Prime Minister, 1997–2007 Tony Blair
85%
"Four Seasons" composer Antonio Vivaldi
74%
Iron Man's alter-ego Tony Stark
70%
Voice of Puss in Boots, from "Shrek" Antonio Banderas
65%
Legendary skateboarder Tony Hawk
65%
Face of the Coronavirus Task Forcein the United States Anthony Fauci
56%
Protagonist of an HBO seriesthat ran between 1999-2007 Tony Soprano
42%
Architect of Sagrada Família Antoni Gaudí
40%
Portrayed Norman Bates in "Psycho" Anthony Perkins
39%
Star of "Zorba the Greek" Anthony Quinn
38%
Al Pacino's character in "Scarface" Tony Montana
38%
"Uncle Vanya" playwright who made a story principle ending in "gun" Anton Chekhov
33%
First Italian-American U.S. supreme court judge Antonin Scalia
28%
Flemish artist who gave his name to a style of facial hair Anthony van Dyck
26%
Most notable Atlético Madrid player Antoine Griezmann
20%
Dutch microbiologist who was the first to see single-celled organisms Antonie van Leeuwenhoek
19%
Current UN secretary-general António Guterres
19%
20th century Portuguese dictator António de Oliveira Salazar
18%
General who served eleven non-consecutive terms as President of Mexico in the 1800s Antonio López de Santa Anna
13%
No matching quizzes found
Score Distribution
Percent of People with Each Score
Percentile by Number Answered
Your Score History
You have not taken this quiz